Štatistika ekonomických subjektov v SR bakalárska práca

Na minha lista:
Detalhes bibliográficos
Autor principal: Lederleitnerová, Stanislava
Autor Corporativo: Fakulta hospodárskej informatiky EU. Katedra štatistiky
Outros Autores: Sodomová, Eva
Formato: Livro
Idioma:eslovaco
Publicado em: Bratislava 2012
Tags: Adicionar Tag
Sem tags, seja o primeiro a adicionar uma tag!

MARC

LEADER 00000nbm a2200000 4500
001 0156189
005 20161109111944.0
041 0 |a slo 
044 |a SK 
245 1 0 |a Štatistika ekonomických subjektov v SR  |b bakalárska práca  |c Stanislava Lederleitnerová ; školiteľ: Eva Sodomová 
264 1 |a Bratislava  |c 2012 
300 |a 44 s. 
100 1 |a Lederleitnerová, Stanislava 
700 1 |a Sodomová, Eva 
710 2 |a Fakulta hospodárskej informatiky EU. Katedra štatistiky